00538nam a22001697a 450000500170000001000130001702000260003003500120005603700160006808200080008410000330009224500680012524600430019326000530023627000580028930000210034720220810113156.0 aUR-11666 a9789394616066c250.00 aU-10221 bDBAD/PUBa- a841 aاحمد مختار قاصر aخند ۂ گول /cاحمد مختار قاصرhا ر د و aKhanda-E-Gul /bby Ahmad Mukhtar Qasir aNew DelhibEducational Publishing Housec2022 ء aH.O.D1/16, Ansari Road, Darya GanjbNew Delhie110002 a138 صc23cm(Hb)